000 00288nam a22001337a 4500
008 170930b xxu||||| |||| 00| 0 eng d
020 _a9780312412623
041 _aeng
080 _a37
100 _a47
101 _aEDU
245 _aA WRITER'S REFERENCE
_cHACKER, D
942 _2udc
_cBK
999 _c31010
_d31010